000 00742nam a2200241 a 4500
008
020 _a0713127627 (pbk.)
049 _aMAIN
090 _aQL757
_bWHI
100 1 _aWhitfield, Philip J.
245 4 _aThe biology of parasitism :
_ban introduction to the study of associating organisms /
_cPhilip J. Whitfield.
260 _aLondon :
_bEdward Arnold,
_c1979.
300 _ax, 277 p. :
_bill. ;
_c22 cm.
440 _aContemporary biology.
500 _aIncludes index.
504 _aIncludes bibliographical references.
650 1 _aParasitism.
907 _a.b10272203
_b28-04-10
_c01-02-10
003
005 20230123125005.0
040 _cNUST
942 _cBOOKS
_kQL757
_mWHI
999 _c133794
_d133794